| 000 | 01138 a2200325 4500 | ||
|---|---|---|---|
| 005 | 20140903175011.0 | ||
| 008 | 140127s1999 sp fr 000 0 spa | ||
| 020 | _a8470903349 | ||
| 020 | _a9788470903342 | ||
| 040 |
_aCO-BoUCM _bspa _cJose A. Gerena _dHenry Ríos |
||
| 041 | 0 | 0 | _aspa |
| 100 | 1 |
_aKant, Inmanuel _d1724 - 1804 _954428 |
|
| 245 | 1 | 0 |
_aProlegómenos a toda metafísica futura _cImmanuel kant ,traducción, comentarios y notas de Mario Caimi |
| 260 |
_bIstmo _aMadrid (España) _c1999 |
||
| 300 | _a387 páginas | ||
| 490 |
_aFundamentos _v153 |
||
| 500 | _aEdición bilingüe en alemán y español | ||
| 500 | _aInclue índice | ||
| 630 | 0 | 4 |
_aCrítica de la razón pura _xCrítica e interpretación _954891 |
| 650 | 7 |
_915753 _aFilosofía de la ciencia |
|
| 650 | 7 |
_919397 _aMetafísica |
|
| 650 | 7 |
_923022 _aRacionalismo |
|
| 650 | 7 |
_923099 _aRazón |
|
| 650 | 7 |
_9403 _aTeoría del conocimiento |
|
| 690 |
_942814 _aFilosofía |
||
| 690 |
_942918 _aTeoría del conocimiento |
||
| 700 | 1 |
_aCaimi, Mario _etraductor _954429 |
|
| 942 |
_cLIBRO _a2 _e1 _mK167 _2DEWEY _h110 |
||
| 999 |
_c183642 _d183642 |
||